| 000 | 00747nam a2200253 i 4500 | ||
|---|---|---|---|
| 001 | bg | ||
| 100 | 1 | _aOPYDO, Władysław | |
| 245 | 1 | 0 |
_aElektrotechnika i elektronika / _cWładysław Opydo. |
| 250 | _aWyd. 2. | ||
| 260 |
_aPoznań : _bWydaw. Politechniki Poznańskiej, _c1997. |
||
| 300 |
_a225 s. : _brys., wykr., err. ; _c24 cm. |
||
| 504 | _aBibliogr. s. 224-225. | ||
| 521 | _aDla studentów studiów zaocznych wydziałów nieelektrycznych politechnik. | ||
| 650 | 9 | _aElektronika | |
| 650 | 9 | _aElektrotechnika | |
| 655 | _aPodręczniki akademickie | ||
| 020 | _a8371431392 | ||
| 040 | _cBPK | ||
| 041 | 0 | _apl | |
| 080 | _a621.3(075.8) | ||
| 920 | _a83-7143-139-2 | ||
| 942 | _cKS | ||
| 008 | s pl f |000 0 pol | ||
| 999 |
_c32615 _d32615 |
||
| 856 |
_uhttp://koha.tu.koszalin.pl/cgi-bin/koha/opac-detail.pl?biblionumber=32615 _yKatalog online BPK |
||